Concepciones de la democracia en el pensamiento político contemporáneo

Đã lưu trong:
Chi tiết về thư mục
Tác giả chính: Greppi, Andrea (Tác giả)
Định dạng: Sách
Ngôn ngữ:Tiếng Tây Ban Nha
Được phát hành: Madrid Trotta 2006
Loạt:Derecho. Colección Estructuras y Procesos
Những chủ đề:
Các nhãn: Thêm thẻ
Không có thẻ, Là người đầu tiên thẻ bản ghi này!

MARC

LEADER 00000nam a2200000 a 4500
001 UCI0238
003 CL-VaPUC
008 070427e20060000SP |||||||||||||||||spa|d
020 |a 8481648590 
082 0 4 |a 320.01  |b GRE  |2 21 
100 |a Greppi, Andrea  |e author  |9 520362 
245 1 0 |a Concepciones de la democracia en el pensamiento político contemporáneo 
300 |a 191 p 
942 |c BK 
945 |d 20070427 00:00:00  |a jtorresc 
260 |a Madrid  |b Trotta  |c 2006 
650 0 |a Democracia  |9 255256 
650 0 |a Ciencia política  |9 324218 
650 7 |a TEORIA POLITICA  |2 CL-VaPUC  |9 520363 
650 7 |a FILOSOFIA POLITICA  |2 CL-VaPUC  |9 520364 
583 |a last modification  |c 20160913 04:29:35  |k Rodrigo Vera 
490 0 |a Derecho. Colección Estructuras y Procesos 
999 |c 325475  |d 325473 
952 |0 0  |1 0  |4 0  |6 320_010000000000000_GRE_2006  |7 0  |8 A  |9 406420  |a BIBHIS  |b BIBHIS  |d 2019-11-22  |i 4331281  |o 320.01 GRE 2006  |p 4331281  |r 2025-01-20  |w 2019-11-22  |y BK  |k HIS